000 00962nam a2200241 a 4500
001 000023221
005 20200930022053.0
008 101130s1966 pr 000 d spa d
040 _aDO-SdBNP
_bspa
_cBNPHU
082 _aPR862.44
_bT253p8
245 0 0 _aTeatro puertorriqueño :
_boctavo festival.
260 _aSan Juan, Puerto Rico :
_bInstituto de Cultura Puertorriqueña,
_c1966.
300 _a728 p. :
_bil. ;
_c22 cm.
505 0 _t¿Cómo se llama esta flor? /
_rLuis Rechani Agrait. --
_tBienvenido don Goyito /
_rManuel Méndez Ballester. --
_tLa difícil esperanza /
_rAna Inés Bonnin Armstrong. --
_tMariana o el alba /
_rRené Marqués.
650 4 _aTeatro puertorriqueño
_94514
650 4 _aLiteratura puertorriqueña
_ySIGLO XX
_95311
700 1 _aRechani Agrait, Luis
_947611
700 1 _aMéndez Ballester, Manuel
_925527
700 1 _aBonnin Armstrong, Ana Inés
_947808
700 1 _aMarqués, René
_940481
910 _aWM
049 _aBNGR
999 _c22718
_d22718